000 00652nam a2200229Ia 4500
003 OSt
005 20221005133709.0
006 a|||||r|||| 00| 0
007 ta
008 221004b |||||||| |||| 00| 0 pan d
024 _a27775
037 _cTextual
040 _aCRL
_cCRL
_bpan
041 _2pan
_apan
082 _aV2y7N13, 153N1
100 _aਵਿਯੋਗੀ, ਇੰਦਰ ਸਿੰਘ
245 0 _aਸਖ਼ਲ ਜੀਵਨ
260 _c1991
650 _aਭਾਰਤੀਯ ਇਤਿਹਾਸ
942 _hV2y7N13, 153N1
_cTEXL
_2cc
999 _c1067596
_d1067596